Central Library OPAC University of Rajshahi

Applications of numerical heat transfer / (Record no. 73156)

MARC details
000 -LEADER
fixed length control field 01103nam a2200313 a 4500
001 - CONTROL NUMBER
control field 73156
003 - CONTROL NUMBER IDENTIFIER
rucl marc code BD-RjUL
005 - DATE AND TIME OF LATEST TRANSACTION
control field 20211209082345.0
008 - FIXED-LENGTH DATA ELEMENTS--GENERAL INFORMATION
fixed length control field 170528s1978 enka 00110 eng d
020 ## - INTERNATIONAL STANDARD BOOK NUMBER
International Standard Book Number 0070468524
Terms of availability L.20.60
International Standard Book Number 9231013998
035 ## - SYSTEM CONTROL NUMBER
System control number (BD-RjUL)73374
040 ## - CATALOGING SOURCE
Original cataloging agency ANL
Language of cataloging eng
Modifying agency ANL
Transcribing agency BD-RjUL
041 ## - LANGUAGE CODE
Language code of text/sound track or separate title eng
082 ## - DEWEY DECIMAL CLASSIFICATION NUMBER
Classification number 621.4
Edition number 23
Author mark and year NOA 1978
100 1# - MAIN ENTRY--PERSONAL NAME
Personal name Nogotov, E F.
9 (RLIN) 216399
245 10 - TITLE STATEMENT
Title Applications of numerical heat transfer /
Statement of responsibility, etc. E.F. Nogotov ; B.M. Berkovsky, editor ; W.J. Minkowycz, consulting editor.
260 ## - PUBLICATION, DISTRIBUTION, ETC. (IMPRINT)
Place of publication, distribution, etc. Paris :
Name of publisher, distributor, etc. Unesco ;
Place of publication, distribution, etc. Washington [D.C.] ;
-- London :
Name of publisher, distributor, etc. Hemisphere ;
Place of publication, distribution, etc. New York ;
-- London [etc.] :
Name of publisher, distributor, etc. McGraw-Hill,
Date of publication, distribution, etc. 1978.
300 ## - PHYSICAL DESCRIPTION
Pagination ix,142 p :
Illustrations ill ;
Size 24cm.
490 ## - SERIES STATEMENT
Series statement Series in thermal and fluids engineering
500 ## - GENERAL NOTE
General note Heat transfer. Calculation. Use of finite difference equations (BNB/PRECIS)
504 ## - BIBLIOGRAPHY, ETC. NOTE
Bibliography, etc Index.
650 #0 - SUBJECT ADDED ENTRY--TOPICAL TERM
Topical term or geographic name as entry element Heat
General subdivision Transmission.
9 (RLIN) 216400
Topical term or geographic name as entry element Difference equations.
9 (RLIN) 216401
700 12 - ADDED ENTRY--PERSONAL NAME
Personal name Berkovsky, B.
Personal name Minkowycz, W. J.
710 2# - ADDED ENTRY--CORPORATE NAME
Corporate name or jurisdiction name as entry element Unesco.
9 (RLIN) 216404
942 ## - ADDED ENTRY ELEMENTS (KOHA)
Source of classification or shelving scheme Dewey Decimal Classification
Koha item type Books
Holdings
Lost status Source of classification or shelving scheme Damaged status Not for loan Collection code Permanent Location Current Location Shelving location Date acquired Source of acquisition Total Checkouts Full call number Date last seen Copy number Koha item type
  Dewey Decimal Classification   Not For Loan Non-fiction Central Library, University of Rajshahi Central Library, University of Rajshahi Reading Room 30/11/1981 UNESCO   621.4 NOA 1978 28/05/2017 C-1 Books